Travelers' self care manual

Bibliographic Details
Main Author: Forgey, William W
Format: Book
Published: Indian : ICS Books , 1990
Subjects:

MARC

LEADER 00000cam a2200000 7i4500
001 0000004716
002 000005086
005 20000330.0
020 |a 0934802637 
090 0 0 |a 616.0252   |b FOR 
100 1 |a Forgey, William W 
245 1 0 |a Travelers' self care manual   |c by William W.Forgey 
260 |a Indian :   |b ICS Books ,   |c 1990 
300 |a 112p. ;   |c 24cm. 
650 0 0 |a Travel   |x Health aspects   |x Handbooks, manuals, etc 
999 |a 035375   |b BUKU   |c PINJAMAN   |e PERPUSTAKAAN KOMUNITI PETALING JAYA